Uruguayan soccer players scoring during the World Cup - Statistics

General Stats
  • This quiz has been taken 407 times
    193 since last reset
  • The average score is 9 of 40
Answer Stats
Goals Year(s) Player % Correct
7 2010, 2014, 2018 Luis Suárez
99%
5 2010, 2014, 2018 Edinson Cavani
93%
6 2002 - 2010 Diego Forlán
89%
1 2014 Diego Godín
65%
1 2018 José Giménez
48%
2 2022 Giorgian De Arrascaeta
40%
1 2002 Dario Rodríguez
38%
1 2010 Maxi Pereira
37%
1 2010 Álvaro Pereira
36%
4 1950 Alcides Ghiggia
31%
5 1950, 1954 Juan Alberto Schiaffino
30%
1 1986 Enzo Francescoli
28%
1 2002 Alvaro Recoba
26%
2 1950, 1954 Obdulio Varela
25%
1 1930 Héctor Scarone
21%
1 1950 Julio Pérez
21%
2 1930 Héctor Castro
16%
8 1950, 1954 Oscar Míguez
16%
5 1930 Pedro Cea
15%
1 1966 Pedro Rocha
12%
2 1962, 1970 Luís Alberto Cubilla
11%
1 2002 Richard Morales
11%
1 1990 Daniel Fonseca
10%
2 1930 Pablo Dorado
8%
1 1970 Víctor Espárrago
8%
1 1986 Antonio Alzamendi
7%
4 1954 Carlos Borges
7%
3 1954 Juan Hohberg
7%
2 1930 Victoriano Iriarte
7%
1 1950 Ernesto Vidal
6%
1 1970 Ildo Maneiro
6%
2 1962 José Francisco Sasía
6%
2 1954 Julio Abbadie
6%
1 1990 Pablo Bengoechea
6%
3 1930 Peregrino Anselmo
6%
1 1962 Angel Rubén Cabrera
5%
1 1954 Javier Ambrois
5%
1 1970 Juan Mujica
5%
1 1966 Julio César Cortés
4%
1 1974 Ricardo Pavoni
4%
No matching quizzes found
Score Distribution
Percent of People with Each Score
Percentile by Number Answered
Your Score History
You have not taken this quiz since the last reset